Kỹ thuật thực hành tổng hợp hữu cơ
Shranjeno v:
| Glavni avtor: | |
|---|---|
| Format: | Knjiga |
| Jezik: | Undetermined |
| Izdano: |
Tp. HCM
Trường Đại học Bách Khoa
|
| Teme: | |
| Oznake: |
Označite
Brez oznak, prvi označite!
|
| Thư viện lưu trữ: | Trung tâm Học liệu Trường Đại học Cần Thơ |
|---|
| LEADER | 00524nam a2200157Ia 4500 | ||
|---|---|---|---|
| 001 | CTU_47158 | ||
| 008 | 210402s9999 xx 000 0 und d | ||
| 082 | |a 547.078 | ||
| 082 | |b B450 | ||
| 100 | |a BỘ MÔN HỮU CƠ | ||
| 245 | 0 | |a Kỹ thuật thực hành tổng hợp hữu cơ | |
| 245 | 0 | |c BỘ MÔN HỮU CƠ | |
| 260 | |a Tp. HCM | ||
| 260 | |b Trường Đại học Bách Khoa | ||
| 650 | |a chemistry, organic - laboratory manuals | ||
| 980 | |a Trung tâm Học liệu Trường Đại học Cần Thơ | ||